000 01294nam a2200325 i 4500
003 EG-GICUC
005 20260204181817.0
008 260107s2004 ua |||fr|||| 00| 0 ara d
017 _a16793/2003
040 _a EG-GICUC
_bara
_c EG-GICUC
_d EG-GICUC
_erda
041 0 _aAra
082 0 4 _221
_a343.4
_bع ص . أ
092 0 4 _221
099 _aLaw1 10 343.4 ع ص . أ 2004
100 0 _aعصام عفيفى عبدالبصير
_eمؤلف.
245 1 0 _aأزمة الشرعية الجنائية ووسائل علاجها :
_bدراسة مقارنة فى القانون الوضعى والفقه الجنائى الإسلامى/
_cتأليف الدكتور عصام عفيفى عبدالبصير.
250 _aالطبعة الأولى
264 1 _aالقاهرة :
_bدار النهضة العربية،
_c2004.
300 _a412 صفحة؛
_c24 سم.
336 _2rda content
_atext
337 _2rda media
_aComputer
338 _2rda carrier
_aOnline Resource
546 _aالنص باللغة العربية
650 1 _aالتشريعات الجنائية الخاصة
_2qrmak
650 1 _aالقانون الجنائى
_2qrmak
651 1 _2qrmak
856 4 0 _uhttps://fll.law.cu.edu.eg/fulltext/bks/B10-07432.pdf
905 _a54
_eYara
942 _2ddc
_cBK
_e21
_n0
999 _c55490
_d55490